| Поле | Название | Значение |
| |
Тип записи |
a |
| |
Библиографический уровень |
m |
| 001 |
Контрольный номер |
52b54c92be604ef29049d15551e63876 |
| 005 |
Дата корректировки |
20140528100802.1 |
| 011 |
Индекс ISSN |
__ |
| a |
ISSN |
1561-4484 |
| 101 |
Язык документа |
0_ |
| a |
Язык текста |
rus |
| 102 |
Страна публикации |
__ |
| a |
Страна публикации |
RU |
| 200 |
Заглавие и сведения об ответственности |
1_ |
| a |
Заглавие |
Защита интересов налогоплательщика в арбитражном суде |
| f |
Первые сведения об ответственности |
О. Р. Михайлова |
| 210 |
Выходные данные |
1_ |
| c |
Издательство |
Бухгалтерский учет |
| a |
Место издания |
Москва |
| d |
Дата издания |
2007 |
| 215 |
Физическое описание |
__ |
| a |
Объем |
189, [3] с. |
| 225 |
Серия |
2_ |
| a |
Серия |
Б- ка журн. Бухгалтерский учет |
| v |
Обозначение тома |
вып. 4 |
| 610 |
Ключевые слова |
0_ |
| a |
Ключевые слова |
налоги |
| 610 |
Ключевые слова |
0_ |
| a |
Ключевые слова |
право |
| 610 |
Ключевые слова |
0_ |
| a |
Ключевые слова |
налоговое законодательство |
| 610 |
Ключевые слова |
0_ |
| a |
Ключевые слова |
налогоплательщики |
| 610 |
Ключевые слова |
0_ |
| a |
Ключевые слова |
арбитражный суд |
| 610 |
Ключевые слова |
0_ |
| a |
Ключевые слова |
налоговые правоотношения |
| 610 |
Ключевые слова |
0_ |
| a |
Ключевые слова |
налоговые споры |
| 686 |
Индексы других классификаций |
__ |
| a |
Классификационный индекс |
67.622.2 |
| 2 |
Код системы |
rubbk |
| 686 |
Индексы других классификаций |
__ |
| a |
Классификационный индекс |
65.9(2)261.413.4 |
| 2 |
Код системы |
rubbk |
| 700 |
Автор |
_1 |
| a |
Фамилия |
Михайлова |
| b |
Имя |
О. Р. |
| 801 |
Источник записи |
_0 |
| a |
Страна |
RU |
| b |
Организация |
РУК |
| c |
Дата составления |
20080407 |
| g |
Правила каталогизации |
PSBO |
| 801 |
Источник записи |
_1 |
| a |
Страна |
RU |
| b |
Организация |
РУК |
| c |
Дата составления |
20080407 |
| g |
Правила каталогизации |
PSBO |
| 852 |
Данные о местонахождении |
__ |
| j |
Шифр хранения |
ББК 67 |
| i |
Авторский знак |
М 69 |
| 901 |
Тип документа |
__ |
| t |
Тип документа |
m |
| 938 |
Служебная информация |
__ |
| a |
Название организации |
Головной вуз |
| b |
Имя БД |
BOOK |
| c |
Название АИБС |
АИБС ИРБИС |